| 000 | 00896nam a2200241 a 4500 | ||
|---|---|---|---|
| 001 | 000033191 | ||
| 005 | 20200930070104.0 | ||
| 008 | 110818s1982 dr 000 0 spa d | ||
| 040 |
_aDO-SdBNP _bspa _cBNPHU |
||
| 082 |
_a069.15 _bC963s |
||
| 100 | 1 |
_aCucurullo de Engelmann, Gina M. _958829 |
|
| 245 | 1 | 0 |
_aSobre museos y sus servicios educativos / _cGina M. Cucurullo de Engelmann ; editor Pedro Santiago. |
| 260 |
_aSanto Domingo : _bPublicaciones de las Casas Reales, _c1982. |
||
| 300 |
_a203 p. ; _c23 cm. |
||
| 490 | 1 | _aMuseografía y educación | |
| 500 | _aIncluye datos biográficos de la autora en la solapa de la cubierta | ||
| 590 | _aInventariado,2018/DG | ||
| 650 | 4 |
_aMuseografía _945542 |
|
| 650 | 4 |
_aMuseos _xAspectos educativos _958830 |
|
| 700 | 1 | 2 |
_aSantiago, Pedro _eed. _958831 |
| 830 | 0 |
_aMuseografía y educación _958832 |
|
| 910 | _aValidado. Control de calidad MFF | ||
| 999 |
_c32682 _d32682 |
||